Tokugawa Japan : the social and economic antecedents of modern Japan
Gespeichert in:
| 1. Verfasser: | |
|---|---|
| Format: | Buch |
| Sprache: | Undetermined |
| Veröffentlicht: |
Tokyo
University of Tokyo Press
1990
|
| Schlagworte: | |
| Tags: |
Tag hinzufügen
Keine Tags, Fügen Sie den ersten Tag hinzu!
|
| Thư viện lưu trữ: | Trung tâm Học liệu Trường Đại học Cần Thơ |
|---|
| LEADER | 00598nam a2200205Ia 4500 | ||
|---|---|---|---|
| 001 | CTU_86377 | ||
| 008 | 210402s9999 xx 000 0 und d | ||
| 082 | |a 952.025 | ||
| 082 | |b N163 | ||
| 100 | |a Nakane, Chie | ||
| 245 | 0 | |a Tokugawa Japan : | |
| 245 | 4 | |b the social and economic antecedents of modern Japan | |
| 245 | 0 | |c Chie Nakane and Shinzabur Oishi ; translation edited by Conrad Totman | |
| 260 | |a Tokyo | ||
| 260 | |b University of Tokyo Press | ||
| 260 | |c 1990 | ||
| 650 | |a History | ||
| 650 | |z Japan | ||
| 904 | |i Năm | ||
| 980 | |a Trung tâm Học liệu Trường Đại học Cần Thơ | ||